00301nam a2200097Ia 4500008004000000082001600040100004700056245004400103260004800147300000800195210210b1978 xxu||||| |||| 00| 0 eng d a370.15 SEKP aSEKHAR (Sulochana) and ADISESHIAH (W T V). aPsychological foundations of education. aCoimbatore.bStudent Service Centre.,c1978 a232